|
|
|
|
| LEADER |
00000cam a2200000 7i4500 |
| 001 |
0000002253 |
| 005 |
20030417.0 |
| 090 |
0 |
0 |
|a JPSM674.92
|b MAL 1997
|
| 110 |
1 |
0 |
|a MALAYSIA
|c Jabatan Perhutanan Semenanjung Malaysia
|
| 245 |
1 |
0 |
|a Kod amalan pengusahasilan hutan darat asli Semenanjung Malaysia
|
| 260 |
0 |
0 |
|a Kuala Lumpur :
|b Jabatan Perhutanan Semenanjung Malaysia ,
|c 1997
|
| 300 |
|
|
|a iii, (45) p. :
|b ill. ;
|c 30 cm.
|
| 500 |
0 |
0 |
|a Bibliography : p. (45)
|
| 650 |
0 |
0 |
|a Forest management
|z Peninsular Malaysia
|x Handbooks, manuals, etc.
|
| 998 |
|
|
|a JPSM
|
| 999 |
|
|
|a 0000004053
|b Monograph
|c Open Shelf
|e Default branch
|
| 999 |
|
|
|a 0000004344
|b Monograph
|c Open Shelf
|e Default branch
|
| 999 |
|
|
|a 0000004543
|b Monograph
|c Open Shelf
|e Default branch
|
| 999 |
|
|
|a 0000004651
|b Monograph
|c Open Shelf
|e Default branch
|
| 999 |
|
|
|a 0000004903
|b Monograph
|c Open Shelf
|e Default branch
|
| 999 |
|
|
|a 0000004904
|b Monograph
|c Open Shelf
|e Default branch
|
| 999 |
|
|
|a 0000004905
|b Monograph
|c Open Shelf
|e Default branch
|